000
002800000a22000970004500
100
1
_a
Mendivelso Gil, Ana Isabel
245
1
0
_a
Feminización de la epidemia VIH Y SIDA
300
_a
Vol.17, núm.17 (Junio, 2005), Páginas 18-19
773
0
_t
La Voz Luterana de Colombia
942
_c
ANA
999
_c
60544
_d
60544